| 000 | 00811cab a22001935a 4500 | ||
|---|---|---|---|
| 001 | L158858 | ||
| 008 | 150825e20150808xxk 000 0 eng d | ||
| 035 | _a(Sirsi) u158858 | ||
| 041 | 0 | _aeng | |
| 100 | 1 | _aBliss, Stella | |
| 245 | 0 | 4 | _aThe new common currency? |
| 260 | _c2015 | ||
| 490 |
_aEstates Gazette _v(1531) 8 August 2015, 51(1) |
||
| 520 | _aReviews the recent steps in the global effort to assemble the international property measurement standard (IPMS). Mentions how building measurements vary by as much as 24% across different world markets. Also includes the latest developments with the standards and the attempts to embed the standards in the legal documentation used for property transactions. | ||
| 590 | _aKA | ||
| 651 | 4 | _aInternational | |
| 690 |
_aMeasurement _96256 |
||
| 942 | _n0 | ||
| 999 |
_c84714 _d84714 |
||